000 00711nam a2200265Ia 4500
003 OSt
005 20221007063014.0
006 a|||||r|||| 00| 0
007 ta
008 221006b |||||||| |||| 00| 0 eng d
020 _cRs.40/-
024 _a15,217
037 _cTextual
040 _aFLL
_cFLL
_beng
041 _2eng
_aeng
082 _aX:964:Z2qN47, K7
100 _aPatel V.B.
_9682887
245 0 _aIndustrial disputes act 1947
250 _a2nd
260 _aBombay
_bN.M. Tripathi Private Limited India
_c1967
300 _a478p
_ccm.
700 _a Patel B.M.
_9396064
942 _hX:964:Z2qN47, K7
_cTEXL
_2CC
999 _c1130075
_d1130075